| 000 | 00982nam a2200277Ia 4500 | ||
|---|---|---|---|
| 003 | OSt | ||
| 005 | 20220923211223.0 | ||
| 006 | a|||||r|||| 00| 0 | ||
| 007 | ta | ||
| 008 | 220922b |||||||| |||| 00| 0 hin d | ||
| 020 |
_a9788170280064 (hbk) _c275 |
||
| 024 | _a325,038 | ||
| 037 |
_b400, 13/03/2018, Eastern Book Linkers _cTextual |
||
| 040 |
_aARTS _cARTS _bhin |
||
| 041 |
_2hin _ahin |
||
| 082 | _aO152,3N161,KN, Q7 | ||
| 100 |
_aनागर, अमृतलाल, ले. _9156313 |
||
| 245 | 0 | _aखंजन नयन | |
| 246 | _aKhanjan nayana | ||
| 260 |
_aदिल्ली _b राजपाल एण्ड सन्ज़ _c2017 |
||
| 300 |
_a248पृ. _ccm. |
||
| 650 |
_a हिन्दी साहित्य _9156264 |
||
| 650 | _aहिन्दी कहानी | ||
| 942 |
_hO152,3N161,KN, Q7 _cTEXL _2CC |
||
| 999 |
_c297197 _d297197 |
||